000 00527nam a2200157Ia 4500
008 220216s9999 xx 000 0 und d
100 _aBolle-Jones E W
245 0 _aNutrition of Hevea brasiliensis. II. Effect of nutrient deficiencies on growth, chlorophyll, rubber and mineral contents of TJIR and JI seedlings
260 _bJournal of the Rubber Research Institute of Malaya
_c1954
300 _a209-230
650 _aGrowth
650 _aHevea brasiliensis
650 _aMinerals
650 _aNutrition
942 _cJS
999 _c64256
_d64256